000 00666nam a2200217 4500
003 OSt
005 20240729064913.0
006 a
008 240729b |||||||| |||| 00| 0 eng d
020 _a9780071085786
040 _aDWCL-Main lib.
_cOC
082 _2Ninth edition
_aCirc. 150 F312 u 2009
100 _aRobert S. Feldman
245 _aUnderstanding Psychology /
250 _aNinth edition
260 _bMcGraw-Hill Higher Education,
_cc2009.
300 _aliii,
_b(various paging) : ill. ;
_c26 cm.
504 _aIncludes bibliographical references & indexes.
650 _a1. Psychology-Textbooks.
942 _2ddc
_n0
_cBK-CIRC
_eNinth edition
_kCirc.
999 _c2916
_d2916